000 00288nam a22001337a 4500
008 170203b xxu||||| |||| 00| 0 eng d
020 _a9780838514764
041 _aeng
080 _a61
100 _a3
101 _a61
245 _aCLINICALS POCKET REFENCE
_cGOMELLA.G
942 _2udc
_cBK
999 _c4390
_d4390